Statistics for All Web HTML Colors

Click here to take the quiz!

General Stats

  • This quiz has been taken 129 times
  • The average score is 59 of 140

Answer Stats

HexColor% Correct
FFC0CBPink
94%
008000Green
90%
FF00FFMagenta
90%
800080Purple
90%
FF0000Red
90%
FFFF00Yellow
90%
FFFFFFWhite
89%
0000FFBlue
87%
808080Gray
87%
00FFFFCyan
86%
FFA500Orange
86%
000000Black
84%
EE82EEViolet
83%
A52A2ABrown
81%
00008BDark Blue
75%
006400Dark Green
73%
ADD8E6Light Blue
73%
8B0000Dark Red
67%
FFD700Gold
67%
800000Maroon
67%
90EE90Light Green
63%
87CEEBSky Blue
63%
00FFFFAqua
62%
C0C0C0Silver
62%
D2B48CTan
60%
A9A9A9Dark Gray
59%
F5F5DCBeige
57%
D3D3D3Light Gray
57%
00FF00Lime
57%
000080Navy
57%
008080Teal
56%
DC143CCrimson
54%
FF8C00Dark Orange
54%
40E0D0Turquoise
54%
4B0082Indigo
52%
E6E6FALavender
52%
7FFFD4Aquamarine
51%
FFB6C1Light Pink
51%
FFFFE0Light Yellow
48%
228B22Forest Green
46%
FF00FFFuchsia
46%
FF69B4Hot Pink
46%
808000Olive
46%
FA8072Salmon
46%
7FFF00Chartreuse
43%
F0FFFFAzure
41%
FF7F50Coral
41%
9400D3Dark Violet
41%
008B8BDark Cyan
38%
E0FFFFLight Cyan
38%
2E8B57Sea Green
38%
9ACD32Yellow Green
38%
F0E68CKhaki
37%
DAA520Goldenrod
35%
FFFFF0Ivory
35%
FF4500Orange Red
35%
4169E1Royal Blue
35%
FFFAFASnow
35%
8A2BE2Blue Violet
33%
8B008BDark Magenta
33%
B22222Firebrick
33%
ADFF2FGreen Yellow
33%
0000CDMedium Blue
33%
191970Midnight Blue
33%
DA70D6Orchid
33%
DDA0DDPlum
33%
A0522DSienna
33%
FF6347Tomato
33%
F5F5F5White Smoke
33%
D2691EChocolate
32%
FF1493Deep Pink
32%
1E90FFDodger Blue
32%
CD5C5CIndian Red
32%
FFF5EESeashell
32%
6A5ACDSlate Blue
32%
4682B4Steel Blue
32%
F5DEB3Wheat
32%
FFEBCDBlanched Almond
30%
DEB887Burlywood
30%
5F9EA0Cadet Blue
30%
6495EDCornflower Blue
30%
FFF8DCCornsilk
30%
00CED1Dark Turquoise
30%
696969Dim Gray
30%
DCDCDCGainsboro
30%
F8F8FFGhost White
30%
F0FFF0Honeydew
30%
7CFC00Lawn Green
30%
32CD32Lime Green
30%
9370DBMedium Purple
30%
3CB371Medium Sea Green
30%
6B8E23Olive Drab
30%
98FB98Pale Green
30%
CD853FPeru
30%
708090Slate Gray
30%
00FF7FSpring Green
30%
F0F8FFAlice Blue
29%
FAEBD7Antique White
29%
FFE4C4Bisque
29%
B8860BDark Goldenrod
29%
BDB76BDark Khaki
29%
556B2FDark Olive Green
29%
9932CCDark Orchid
29%
E9967ADark Salmon
29%
8FBC8FDark Sea Green
29%
483D8BDark Slate Blue
29%
2F4F4FDark Slate Gray
29%
00BFFFDeep Sky Blue
29%
FFFAF0Floral White
29%
FFF0F5Lavender Blush
29%
FFFACDLemon Chiffon
29%
F08080Light Coral
29%
FAFAD2Light Goldenrod Yellow
29%
FFA07ALight Salmon
29%
20B2AALight Sea Green
29%
87CEFALight Sky Blue
29%
778899Light Slate Gray
29%
B0C4DELight Steel Blue
29%
FAF0E6Linen
29%
BA55D3Medium Orchid
29%
00FA9AMedium Spring Green
29%
48D1CCMedium Turquoise
29%
C71585Medium Violet Red
29%
F5FFFAMint Cream
29%
FFE4E1Misty Rose
29%
FFE4B5Moccasin
29%
FDF5E6Old Lace
29%
AFEEEEPale Turquoise
29%
DB7093Pale Violet Red
29%
FFEFD5Papaya Whip
29%
FFDAB9Peach Puff
29%
B0E0E6Powder Blue
29%
BC8F8FRosy Brown
29%
F4A460Sandy Brown
29%
D8BFD8Thistle
29%
66CDAAMedium Aquamarine
27%
7B68EEMedium Slate Blue
27%
FFDEADNavajo White
27%
EEE8AAPale Goldenrod
27%
8B4513Saddle Brown
27%

Score Distribution

Percentile by Number Answered

Percent of People with Each Score

Your Score History

You have not taken this quiz